000 00456nam a22001697a 4500
003 MACL
005 20150801155053.0
008 150801b xxu||||| |||| 00| 0 eng d
040 _cMACL
041 _aEnglish
082 _a352.75/MAH
100 _aMaheshwari S,R,
_94149
245 _aThe Census Administration Under The Raj & After
260 _aNew Delhi
_bConcept Publishing Company
_c1996
650 _aPublic Administration
_94150
942 _2ddc
_cBK
999 _c50185
_d50185